Medical-surgical nursing : (Record no. 396)

MARC details
000 -LEADER
fixed length control field 00776cam a2200229 a 4500
020 ## - INTERNATIONAL STANDARD BOOK NUMBER
ISBN 9780131713086 (alk. paper)
020 ## - INTERNATIONAL STANDARD BOOK NUMBER
ISBN 0131713086 (alk. paper)
050 04 - CALL NUMBER
Classification number RT41
Item number .M47
100 ## - AUTHOR
Personal name LeMone,Priscilla
110 ## - AUTHOR
CORPORATE AUTHOR Burke, Karen
245 00 - TITLE
Title Medical-surgical nursing :
Remainder of title critical thinking in client care /
Statement of responsibility, etc [edited by] Priscilla LeMone, Karen Burke.
250 ## - EDITION
Edition statement 4th ed.
260 ## - PUBLICATION INFORMATION
Place of publication Upper Saddle River, N.J. :
Name of publisher Pearson/Prentice Hall,
Year of publication c2008 [i.e. 2007].
300 ## - DESCRIPTION
Number of Pages 1 v. (various pagings) :
Other physical details ill. (some col.), col. map ;
Dimensions 29 cm. +
Accompanying material 1 DVD-ROM (4 3/4 in.).
500 ## - NOTES
General note Includes tables.
650 #0 - SUBJECTS
Topical Term Nursing.
650 #0 - SUBJECTS
Topical Term Surgical nursing.
650 #0 - SUBJECTS
Topical Term Critical thinking.
700 1# - OTHER AUTHORS
Personal name LeMone, Priscilla.
700 1# - OTHER AUTHORS
Personal name Burke, Karen M.
942 ## - ADDED ENTRY ELEMENTS (KOHA)
Koha item type Books
Holdings
Withdrawn status Lost status Home library Current library Shelving location Date acquired Full call number Accession Number Koha item type
    Methodist University Library Wenchi Nursing Methodist University Library Wenchi Nursing General Stacks 21/10/2017 RT41 .M47 2829 Books
Copyright © 2026  MUG Library